|
|
|
|
| LEADER |
03437nam a22004093i 4500 |
| 001 |
EBC6422512 |
| 003 |
MiAaPQ |
| 005 |
20231204023215.0 |
| 006 |
m o d | |
| 007 |
cr cnu|||||||| |
| 008 |
231204s2017 xx o ||||0 eng d |
| 020 |
|
|
|a 9783319620183
|q (electronic bk.)
|
| 020 |
|
|
|z 9783319620176
|
| 035 |
|
|
|a (MiAaPQ)EBC6422512
|
| 035 |
|
|
|a (Au-PeEL)EBL6422512
|
| 035 |
|
|
|a (OCoLC)1231608953
|
| 040 |
|
|
|a MiAaPQ
|b eng
|e rda
|e pn
|c MiAaPQ
|d MiAaPQ
|
| 050 |
|
4 |
|a DA1-995
|
| 082 |
0 |
|
|a 364.660941109033
|
| 100 |
1 |
|
|a Bennett, Rachel E.
|
| 245 |
1 |
0 |
|a Capital Punishment and the Criminal Corpse in Scotland, 1740-1834.
|
| 250 |
|
|
|a 1st ed.
|
| 264 |
|
1 |
|a Cham :
|b Springer International Publishing AG,
|c 2017.
|
| 264 |
|
4 |
|c Ã2018.
|
| 300 |
|
|
|a 1 online resource (243 pages)
|
| 336 |
|
|
|a text
|b txt
|2 rdacontent
|
| 337 |
|
|
|a computer
|b c
|2 rdamedia
|
| 338 |
|
|
|a online resource
|b cr
|2 rdacarrier
|
| 490 |
1 |
|
|a Palgrave Historical Studies in the Criminal Corpse and Its Afterlife Series
|
| 505 |
0 |
|
|a Intro -- Preface -- Acknowledgements -- Contents -- Abbreviations -- List of Tables -- Chapter 1 Introduction -- Exploring the Historiography -- Structuring the Narrative -- Conclusion -- Part I The Implementation of the Death Sentence in Scotland -- Chapter 2 Capital Punishment and the Scottish Criminal Justice System -- The Death Sentence in Scots Law -- Long-Term Trends in Scottish Capital Punishment -- Geography of Capital Punishment -- Capital Punishment and the Scottish Murderer -- Capital Punishment and Scottish Property Offenders -- Conclusion -- Chapter 3 Contextualising the Punishment of Death -- Executions Following the 1745 Jacobite Rebellion -- Capital Punishment in the 1780s and the Crisis of Transportation in Scotland -- Executions in Early Nineteenth-Century Scotland -- Conclusion -- Chapter 4 Scottish Women and the Hangman's Noose -- Homicide -- Infanticide -- Property Offences -- Conclusion -- Part II The Theatre of the Gallows in Scotland -- Chapter 5 The Spectacle of the Scaffold -- The Gallows Protagonists -- Staging the Public Execution -- Scottish Execution Practices -- The Punishment for Treason -- Post-Mortem Punishment -- Conclusion -- Chapter 6 A Fate Worse than Death? Dissection and the Criminal Corpse -- Belief, Anxiety and the Dead Body -- Medical Beliefs About the Dead Body -- Dissection and the Criminal Corpse -- The Case of William Burke -- Conclusion -- Chapter 7 Hanging in Chains: The Criminal Corpse on Display -- Hanging in Chains as a Punishment -- The Gibbeted Malefactor -- Chronology of Hanging in Chains -- Locating the Gibbet -- Longevity of the Gibbet -- The Case of James Stewart -- Conclusion -- Chapter 8 Conclusion -- Index.
|
| 588 |
|
|
|a Description based on publisher supplied metadata and other sources.
|
| 590 |
|
|
|a Electronic reproduction. Ann Arbor, Michigan : ProQuest Ebook Central, 2023. Available via World Wide Web. Access may be limited to ProQuest Ebook Central affiliated libraries.
|
| 655 |
|
4 |
|a Electronic books.
|
| 776 |
0 |
8 |
|i Print version:
|a Bennett, Rachel E.
|t Capital Punishment and the Criminal Corpse in Scotland, 1740-1834
|d Cham : Springer International Publishing AG,c2017
|z 9783319620176
|
| 797 |
2 |
|
|a ProQuest (Firm)
|
| 830 |
|
0 |
|a Palgrave Historical Studies in the Criminal Corpse and Its Afterlife Series
|
| 856 |
4 |
0 |
|u https://ebookcentral.proquest.com/lib/matrademy/detail.action?docID=6422512
|z Click to View
|